000 00840cam a2200265 a 4500
001 12422
003 BD-RjUL
005 20211208235306.0
008 140128r19691946enka 001 0 eng d
020 _a0521092132
035 _a(BD-RjUL)12471
_a(OCoLC)ocm02353451
040 _aDLC
_cYSM
_dCHS
_dSYB
_dBD-RjUL
_beng
041 _aeng
082 0 0 _a570.282
_bPAN 1969
_223
100 1 _aPantin, Carl Frederick Abel,
_d1899-1967.
_922375
245 1 0 _aNotes on microscopical technique for zoologists /
_cby C. F. A. Pantin.
250 _a1st ed.
260 _aCambridge :
_bUniversity Press,
_c1946 [reprinted 1969].
300 _aviii, 77 p. :
_bill., diagrs. ;
_c21 cm.
504 _aIncludes bibliography.
650 0 _aMicroscopy
_xTechnique.
_938596
650 2 _aMicroscopy
_xmethods
_938597
942 _2ddc
_cBK
999 _c12422
_d12422